1388 1566 1002 1170 1288 1782 1363 1834 1823 1852 1752 1662 1067 1280 1159 1591 1475 1208 1447 1303 1174 1904 2000 1909 1224 1793 1173 1715 1171 1319 1763 1877 1067 1716 1464 1248 1103 1176 1890 1926 1845 1088 1174 1259 1800 1675 1488 1800 1637 1068 1534 1740 1469 1740 1000 1472 1384 1864 1364 1903 1701 1725 1129 1744 1039 1868 1129 1210 1524 1957 1616 1370 1990 1558 1357 1517 1038 1247 1767 1935 1804 1380 1410 1532 1541 1459 1918 1156 1063 1260 1174 1479 1019 1380 1718 1593 1116 1455 1563 BCNSPRNW ULIB Ver.6.0+V

เปลี่ยนเป็นภาษาไทย

Change to English
 แสดงรายละเอียดบรรณานุกรม
  กลับหน้าหลัก

Brief Record : Get Marc (ISO 2709) : E-mail record : QR code < ปิดหน้าต่าง
LEADER : 00000nam 2200000uu 4500
001    13399123287
003     ULIB
008    140814s2556||||th 000 0 tha d
099    วจ.WL400^bจ631ก
100 0  จุฑารัตน์ สว่างชัย และนิรนาท วิทยโชคกิติคุณ
245 00 การพัฒนาบทเรียน e-learning เรื่อง การพยาบาลผู้ป่วยบาดเจ็บไขสันหลังสำหรับนักศึกษาพยาบาลศาสตรบัณฑิต วิทยาลัยบรมราชชนนี สวรรค์ประชารักษ์ นครสวรรค์/^cจุฑารัตน์ สว่างชัย และนิรนาท วิทยโชคกิติคุณ
246 0  Development of e-learning on nursing care of spinal cord injury patients, bachelor of nursing Science programme, Boromarajonani,College of nursing, Sawanpracharak Nakhonsawan
260    นครสวรรค์:^bวิทยาลัยบรมราชชนนี สวรรค์ประชารักษ์ นครสวรรค์,^c
300    82 หน้า
650  0 บทเรียน e-learningู^xวิจัย
650  0 การพยาบาลผู้ป่วยบาดเจ็บไขสันหลัง^xวิจัย
945    ^p0^l0^i034594
999    ^aเกษร โพธิ์สุวรรณ
รายการนี้ยังไม่มีแท็ก
คุณยังไม่ได้ล็อกอิน คุณสามารถมีกิจกรรมร่วมกับเว็บไซต์ได้ แต่ต้องล็อกอินก่อน ::
  ล็อกอิน

รายการสื่อสารสนเทศ

ลำดับที่ ประเภท เลขเรียก/บาร์โค้ด สถานที่ สถานะ
1. งานวิจัย
งานวิจัย
วจ.WL400 จ631ก ฉ.1 
  Barcode: 034594
ห้องสมุดวิทยาเขตสวรรค์ประชารักษ์
►วิจัย
ถูกยืม กำหนดส่งวันที่ 21 มิถุนายน 2566
  จอง

BibComment


ยังไม่เคยถูกคอมเมนท์

คอมเมนท์ทรัพยากรรายการนี้
  คอมเมนท์: การพัฒนาบทเรียน e..


 Copyright 2026. Bcnsprnw @Library